| 000 | 00742nam a2200241Ia 4500 | ||
|---|---|---|---|
| 003 | GCL | ||
| 008 | 140319s9999 xx 000 0 ara d | ||
| 040 |
_aGCL / _cGCL |
||
| 082 | 0 | 4 |
_a327.2 _bا د |
| 100 | 1 | _aاحمد فتحى سرور | |
| 245 | 1 | 0 |
_aالدبلوماسية البرلمانية ( اقرا ,?624 ) / _cاحمد فتحى سرور |
| 300 | _a151 ص | ||
| 490 |
_aاقرأ _v0 |
||
| 650 | 0 | 4 | _aالتعاون الدولى |
| 650 | 0 | 4 | _aالعلاقات الدولية |
| 650 | 0 | 4 | _aحقوق الانسان |
| 650 | 0 | 4 | _aالعلاقات الخارجية |
| 650 | 0 | 4 | _aالدبلوماسية |
| 650 | 0 | 4 | _aالعلاقات السياسية |
| 650 | 0 | 4 | _aالسلام |
| 650 | 0 | 4 | _aالبرلمان |
| 942 |
_2ddc _cBK |
||
| 999 |
_c51848 _d51848 |
||